Voľný čas na varenie výborná chuť, jednoduchá príprava

Bibliographic Details
Other Authors: Kopčoková, Jana (Publishing director)
Format: Journal
Language:Slovak
PhysicalDescription:4 zv. 31 cm
Published: Bratislava Bauer Media SK 2011-2015
ISSN:1338-5607
Subjects:

MARC

LEADER 00000cas a2200000 a 4500
001 vtls010341417
003 SK-MaSNL
005 20260228163849.0
008 120210d20112015xo zx|p 0 b0slo
022 |a 1338-5607 
040 |a SVKBB  |b slo  |c SVKBB  |d SVKPO  |d SNK  |e AACR2 
041 0 |a slo 
044 |a xo  |c SK 
072 7 |a 641  |x Kuchárstvo. Potraviny. Varené jedlá  |2 konspekt 
080 |a 641.53  |2 2001 
080 |a (083.12)  |2 2001 
080 |a 050  |2 2001 
080 |a 641.85  |2 2001 
210 0 |a Voľný čas varenie 
222 0 |a Voľný čas na varenie 
245 0 0 |a Voľný čas na varenie  |b výborná chuť, jednoduchá príprava 
246 1 3 |a Čas na varenie  |b výborná chuť, skvelé tipy  |f 8/2013- 
260 |a Bratislava  |b Bauer Media SK  |c 2011-2015 
300 |a 4 zv.  |c 31 cm 
310 |a Periodicita nie je známa 
362 0 |a Č. 1 (25. okt. 2011)-2015 
500 |a Evidenčné číslo: EV 4453/11 
500 |a Vedúca red.: 2011-2015, Jana Kopčoková 
500 |a V roku 2011 nie je uvedený ročník 
500 |a V roku 2011 vyšli len dve čísla 
650 0 7 |a varenie  |2 SNKPH  |9 4177 
650 0 7 |a koláče  |2 SNKPH  |9 51333 
655 7 |a kuchárske recepty  |2 SNKPH  |9 70493 
655 7 |a špecializované časopisy  |2 SNKPH  |9 70509 
700 1 |a Kopčoková, Jana  |4 pbd  |9 268151 
852 |a Štátna vedecká knižnica v Banskej Bystrici 
910 |a snk 
958 |a OND 
999 |c 11099  |d 13029 
952 |0 0  |1 0  |4 0  |7 0  |8 0  |a SNK  |b SNK  |d 2017-02-10  |i snk2017/3852  |l 0  |o snkČSB 6325/4/2014 D1  |p 17A1204671  |r 2026-02-21 19:31:04  |t č. 1-8, neúplné  |w 2026-02-21  |y PREZ  |z Chýba č. 5,, 6, 7 
952 |0 0  |1 0  |4 0  |7 0  |8 0  |a SNK  |b SNK  |d 2017-02-10  |i snk2017/3840  |l 0  |o snkČSB 6325/3/2013  |p 17A1204674  |r 2026-02-21 20:13:56  |t č. 1-8, neúplné  |w 2026-02-21  |y PREZ  |z Chýba č. 1 
952 |0 0  |1 0  |4 0  |7 0  |8 0  |a SNK  |b SNK  |d 2017-02-10  |i snk2017/3844  |l 0  |o snkČSB 6325/3/2013 D1  |p 17A1204673  |r 2026-02-21 20:13:56  |t č. 1-8, neúplné  |w 2026-02-21  |y PREZ  |z Chýba č. 1 
952 |0 0  |1 0  |4 0  |7 0  |8 0  |a SNK  |b SNK  |d 2017-02-10  |i snk2017/3847  |l 0  |o snkČSB 6325/4/2014  |p 17A1204672  |r 2026-02-21 21:41:14  |t č. 1-8  |w 2026-02-21  |y PREZ 
952 |0 0  |1 0  |4 0  |7 0  |8 0  |a SNK  |b SNK  |d 2017-02-10  |i snk2017/3830  |l 0  |o snkČSB 6325/[1]/2011  |p 17A1204678  |r 2026-02-21 21:55:11  |t č. 1-2, neúplné  |w 2026-02-21  |y PREZ  |z Chýba č. 1 
952 |0 0  |1 0  |4 0  |7 0  |8 0  |a SNK  |b SNK  |d 2017-02-10  |i snk2017/3832  |l 0  |o snkČSB 6325/[1]/2011 D1  |p 17A1204677  |r 2026-02-21 21:55:11  |t č. 1-2, neúplné  |w 2026-02-21  |y PREZ  |z Chýba č. 1 
952 |0 0  |1 0  |4 0  |7 0  |8 0  |a SNK  |b SNK  |d 2017-02-10  |i snk2017/3835  |l 0  |o snkČSB 6325/2/2012  |p 17A1204676  |r 2026-02-21 21:55:11  |t č. 1-9, neúplné  |w 2026-02-21  |y PREZ  |z Chýba č. 1, 3, 4, 5, 6 
952 |0 0  |1 0  |4 0  |7 0  |8 0  |a SNK  |b SNK  |d 2017-02-10  |i snk2017/3837  |l 0  |o snkČSB 6325/2/2012 D1  |p 17A1204675  |r 2026-02-21 21:55:11  |t č. 1-9, neúplné  |w 2026-02-21  |y PREZ  |z Chýba č. 1, 3, 4, 5, 6